000 00396nam a2200157Ia 4500
008 200103s9999||||xx |||||||||||||| ||und||
020 _a9280151401
040 _aIMU-MPC
082 _aColumn-5
100 _aIMO
245 0 _aIMDG code : International maritime dangerous goods code : including amendment 31-02.
250 _aVol. I
260 _bIMO
_c2002
300 _axiv, 438
942 _cBK
999 _c3330
_d3330